[Event "Box Hill Autumn Cup"]
[Site "Box Hill"]
[Date "2005.02.04"]
[Round "1"]
[White "Cuxson, Stuart"]
[Black "Fielder, Shaun"]
[Result "0-1"]
[WhiteElo "990"]
[BlackElo "1279"]
[PlyCount "98"]
[EventDate "2005.02.04"]
[EventType "swiss"]
[EventRounds "4"]
[EventCountry "AUS"]
[SourceTitle "EXT 2010"]
[Source "ChessBase"]
[SourceDate "2010.11.25"]
[SourceVersion "1"]
[SourceVersionDate "2010.11.25"]
[SourceQuality "1"]

1. c4 Nf6 2. g3 c5 3. Bg2 Nc6 4. Nc3 e6 5. e4 Be7 6. Nge2 0-0 7. d3 h6 8. 0-0 d6 9. Re1 Bd7 10. Nf4 Nd4 11. Nce2 e5 12. Nd5 Bg4 13. Ndc3 Ne8 14. Qd2 Qd7 15. Nxd4 cxd4 16. Nd5 Nc7 17. Nxe7+ Qxe7 18. f4 Ne6 19. h3 Bh5 20. g4 Bxg4 21. f5 Bxh3 22. Bxh3 Qg5+ 23. Kh1 Nf4 24. Rg1 Qh4 25. Qh2 Qxh3 26. Bxf4 Qf3+ 27. Qg2 Qxg2+ 28. Rxg2 exf4 29. Rf1 f6 30. Rxf4 Kf7 31. Rfg4 Rg8 32. Kg1 Rac8 33. Kf2 b5 34. b3 a6 35. Ke1 Rc7 36. Kd1 Ke8 37. Rc2 Kd8 38. cxb5 axb5 39. Rxc7 Kxc7 40. a4 Kb6 41. axb5 Kxb5 42. Kc2 Rc8+ 43. Kb2 Rc7 44. Ka3 Ra7+ 45. Kb2 Kb4 46. Kc2 Ra2+ 47. Kc1 Kxb3 48. Rxg7 Kc3 49. Rg6 Ra1# 0-1

[Event "Box Hill op"]
[Site "Box Hill"]
[Date "2001.10.19"]
[Round "7.33"]
[White "Fielder, Shaun"]
[Black "Carey, Peter"]
[Result "0-1"]
[WhiteElo "1126"]
[BlackElo "1548"]
[PlyCount "102"]
[EventDate "2001.09.??"]
[EventType "swiss"]
[EventRounds "7"]
[EventCountry "AUS"]
[SourceTitle "EXT 2003"]
[Source "ChessBase"]
[SourceDate "2002.11.25"]
[SourceVersion "1"]
[SourceVersionDate "2002.11.25"]
[SourceQuality "1"]

1. e4 c6 2. d4 d5 3. Nc3 dxe4 4. Nxe4 Bf5 5. Ng3 Bg6 6. Nf3 Nd7 7. Bd3 Bxd3 8. Qxd3 e6 9. 0-0 Qc7 10. Re1 0-0-0 11. c4 h5 12. Bd2 Be7 13. b4 h4 14. Ne4 h3 15. g3 Ngf6 16. Neg5 Rdf8 17. a4 Ng4 18. b5 c5 19. Bf4 Bd6 20. Bxd6 Qxd6 21. Ne4 Qc7 22. Rad1 b6 23. Ra1 Rd8 24. Qa3 f5 25. Neg5 Rde8 26. Nxe6 Qb7 27. d5 Re7 28. a5 bxa5 29. Qxa5 Nb6 30. Qxa7 Qxa7 31. Rxa7 Rxa7 32. Nd2 Re8 33. f3 Nf6 34. Kf2 Ra2 35. Ke3 Ra3+ 36. Kf2 Rc3 37. Nxg7 Rxe1 38. Kxe1 Nxc4 39. Nxc4 Rxc4 40. Nxf5 Rc2 41. Nd6+ Kc7 42. Ne4 Nxd5 43. Nf2 Nc3 44. g4 Nxb5 45. g5 Rc3 46. f4 Rf3 47. Nxh3 Rxh3 48. f5 Kd7 49. g6 Ke7 50. g7 Kf7 51. f6 Rxh2 0-1